Swords into plowshare : the problem and progress of international organization
| Main Author: | Claude, Inis L |
|---|---|
| Published: |
London:
University of London Press Ltd.
|
| Subjects: |
| LEADER | 00558cam a2200157 7i4500 | ||
|---|---|---|---|
| 001 | 0000048071 | ||
| 005 | 20250107090000.0 | ||
| 020 | |a 0340091304 | ||
| 090 | 0 | 0 | |a JX1944 |b .C58 |
| 100 | 1 | |a Claude, Inis L | |
| 245 | 1 | 0 | |a Swords into plowshare : |b the problem and progress of international organization |c Inis L. Claude Jr. |
| 260 | |a London: |b University of London Press Ltd. | ||
| 300 | |a 457 p. | ||
| 650 | 0 | 0 | |a International organization -- |x History |
| 997 | |a AIDCOMM - Communication and Media, Faculty | ||
| 999 | |a ZARC001484 |b BOK |c OPEN SHELF |e Zainol Ahmad Resource Center | ||


